Taco Hemingway - LATARNIE WSZĘDZIE DAWNO ZGASŁY - Statystyki

Ogólne statystyki
  • Ten quiz został rozwiązany 100 razy
  • Średni wynik to 11 z 16
Statystyki odpowiedzi
Hint Odpowiedź % Poprawnych
11 ZAKOCHAŁEM SIĘ POD APTEKĄ
92%
3 LATARNIE WSZĘDZIE DAWNO ZGASŁY
86%
16 OSTATNI?
85%
2 PLAC TRZECH KRZYŻY
81%
6 TRAMWAJE
81%
14 FRASCATI
80%
15 RATUNKU!
79%
10 FOTOMODELKI
77%
8 TRZYKROPKI
76%
7 ODTRUTKA
75%
12 BEZ STRESU
73%
4 PUSTOSZEJĄ SALE KINOWE
68%
1 AKT I: "ICI VARSOVIE
37%
5 AKT II: "MIASTO IDZIE SPAĆ"
30%
9 AKT III: "SŁOWIAŃSKI NIEPOKÓJ"
29%
13 AKT IV: "ROZMIAR KLĘSKI"
25%
Nie znaleziono quizów pasujących do podanych kryteriów
Rozkład punktacji
Procent ludzi z każdym wynikiem
Percentyl według liczby udzielonych odpowiedzi
Twoja historia wyników
Nie rozwiązałeś tego quizu